000 00470nam a22001697a 4500
999 _c164530
_d164530
005 20190522143426.0
010 _aA-828382
020 _a0706922654
035 _aA-828382
037 _bVikas Publishing House Pvt. Ltd
082 _a921
100 _aGupta, Vijay
245 _aObote:
_bsecond liberation /
_cVijay Gupta
260 _aNew Delhi
_bVikas Publishing House Pvt. Ltd
_c1983
300 _a196p.
_c22cm(hbk)
942 _2ddc
_cEN
_h921
_mGUP